Core text of neuroanatomy
This this textbook for medical students, about Nervous System anatomy and histology
Zapisane w:
| 1. autor: | |
|---|---|
| Format: | Książka |
| Język: | Undetermined |
| Wydane: |
Baltimore
Williams & Wilkins
1978
|
| Hasła przedmiotowe: | |
| Etykiety: |
Dodaj etykietę
Nie ma etykietki, Dołącz pierwszą etykiete!
|
| Thư viện lưu trữ: | Trung tâm Học liệu Trường Đại học Cần Thơ |
|---|
| LEADER | 00786nam a2200205Ia 4500 | ||
|---|---|---|---|
| 001 | CTU_219884 | ||
| 008 | 210402s9999 xx 000 0 und d | ||
| 082 | |a 611.8 | ||
| 082 | |b C296 | ||
| 100 | |a Carpenter, Malcolm B. | ||
| 245 | 0 | |a Core text of neuroanatomy | |
| 245 | 0 | |c Malcolm B. Carpenter | |
| 260 | |a Baltimore | ||
| 260 | |b Williams & Wilkins | ||
| 260 | |c 1978 | ||
| 520 | |a This this textbook for medical students, about Nervous System anatomy and histology | ||
| 650 | |a Central nervous system,Neuroanatomy,Hệ thần kinh trung ương,Nervous system,Phẫu thuật thần kinh,Hệ thần kinh | ||
| 650 | |x Anatomy and Histology,Giải phẫu học và mô học | ||
| 904 | |i Nguyên | ||
| 980 | |a Trung tâm Học liệu Trường Đại học Cần Thơ | ||